[Event "DVM U20w 2022"]
[Site "Münster GER"]
[Date "2022.12.30"]
[Round "7"]
[White "Kuran, Olivia"]
[Black "Stelter, Finja"]
[Result "0-1"]
[Termination "normal"]
[Board "5.3"]
[WhiteElo "1096"]
[BlackElo "1312"]
[WhiteClock "00:27:23"]
[BlackClock "01:31:00"]
[WhiteTeam "Karlsruher SF 1853 2"]
[BlackTeam "SK Lehrte von 1919 e. V."]
[PlyCount "111"]
[WhiteFideId "16279670"]
[BlackFideId "16298624"]
[EventCountry "GER"]
[EventRounds "7"]
[EventType "team-swiss"]
[EventDate "2022.12.26"]

1. e4 {[%emt 00:00:02]} c5 2. Nf3 Nc6 3. g3 g6 4. Bg2 Bg7 5. d3 d6 6. O-O Bg4
7. c3 Ne5 8. Qa4 Bd7 9. Qc2 Qc8 10. Bf4 Bh3 11. Nxe5 Bxe5 12. Bxh3 {[%clk
01:30:57]} Qxh3 {[%clk 01:31:00]} 13. Bxe5 {[%clk 01:30:57]} dxe5 {[%clk
01:31:00]} 14. Nd2 {[%clk 01:30:57]} Nf6 {[%clk 01:31:00]} 15. Qa4 {[%clk
01:30:57]} Kf8 {[%clk 01:31:00]} 16. f3 {[%clk 01:30:57]} h5 {[%clk 01:31:00]}
17. Rf2 {[%clk 01:30:57]} Ne8 {[%clk 01:31:00]} 18. Qd1 {[%clk 01:30:57]} Qd7
{[%clk 01:31:00]} 19. Nb3 {[%clk 01:30:57]} b6 {[%clk 01:31:00]} 20. Rd2 {[%clk
01:30:57]} h4 {[%clk 01:31:00]} 21. g4 {[%clk 01:30:57]} f5 {[%clk 01:31:00]}
22. Qf1 {[%clk 01:30:57]} Nf6 {[%clk 01:31:00]} 23. h3 {[%clk 01:30:57]} a5
{[%clk 01:31:00]} 24. d4 {[%clk 01:30:57]} exd4 {[%clk 01:31:00]} 25. cxd4
{[%clk 01:30:57]} c4 {[%clk 01:31:00]} 26. Nc1 {[%clk 01:30:57]} b5 {[%clk
01:31:00]} 27. Ne2 {[%clk 01:30:57]} e6 {[%clk 01:31:00]} 28. b3 {[%clk
01:30:57]} cxb3 {[%clk 01:31:00]} 29. axb3 {[%clk 01:30:57]} Ke7 {[%clk
01:31:00]} 30. Nf4 {[%clk 01:30:57]} Kf7 {[%clk 01:31:00]} 31. Ne2 {[%clk
01:30:57]} Rhc8 {[%clk 01:31:00]} 32. Rda2 {[%clk 01:30:57]} a4 {[%clk
01:31:00]} 33. bxa4 {[%clk 01:30:57]} bxa4 {[%clk 01:31:00]} 34. exf5 {[%clk
01:30:57]} exf5 {[%clk 01:31:00]} 35. Qd1 {[%clk 01:30:57]} Rc4 {[%clk
01:31:00]} 36. Qd3 {[%clk 01:30:57]} Rc7 {[%clk 01:31:00]} 37. Rc2 {[%clk
01:30:57]} Rxc2 {[%clk 01:31:00]} 38. Qxc2 {[%clk 01:30:57]} Nd5 {[%clk
01:31:00]} 39. Qc4 {[%clk 01:30:57]} Kg7 {[%clk 01:31:00]} 40. Nc3 {[%clk
01:30:57]} Nxc3 {[%clk 01:31:00]} 41. Qxc3 {[%clk 01:30:57]} Qa7 {[%clk
01:31:00]} 42. Kg2 {[%clk 01:30:57]} Qb8 {[%clk 01:31:00]} 43. d5 {[%clk
01:30:57]} Kf7 {[%clk 01:31:00]} 44. Ra2 {[%clk 01:30:57]} Qg3 {[%clk
01:31:00]} 45. Kf1 {[%clk 01:30:57]} Qxh3 {[%clk 01:31:00]} 46. Rg2 {[%clk
01:30:57]} fxg4 {[%clk 01:31:00]} 47. Qc7 {[%clk 01:30:57]} Kg8 {[%clk
01:31:00]} 48. fxg4 {[%clk 01:30:57]} Rf8 {[%clk 01:31:00]} 49. Kg1 {[%clk
01:30:57]} Qe3 {[%clk 01:31:00]} 50. Kh2 {[%clk 01:30:57]} a3 {[%clk 01:31:00]}
51. d6 {[%clk 01:30:57]} Qe5 {[%clk 01:31:00]} 52. Kg1 {[%clk 01:30:57]} h3
{[%clk 01:31:00]} 53. Qc4 {[%clk 01:30:57]} Kh8 {[%clk 01:31:00]} 54. Rh2
{[%clk 01:30:57]} Qg3 {[%clk 01:31:00]} 55. Kh1 {[%clk 01:30:57]} Qe1 {[%clk
01:31:00]} 56. Kg1 {[%clk 00:27:23]} {[%emt 04:04:29]} 0-1

[Event "DVM U20w 2022"]
[Site "Münster GER"]
[Date "2022.12.30"]
[Round "7"]
[White "Daoud, Shahnaz"]
[Black "Gietzelt, Magdalena"]
[Result "1-0"]
[Termination "normal"]
[Board "5.4"]
[WhiteElo "1367"]
[BlackElo "1165"]
[WhiteClock "00:18:24"]
[BlackClock "00:36:58"]
[WhiteTeam "SK Lehrte von 1919 e. V."]
[BlackTeam "Karlsruher SF 1853 2"]
[PlyCount "107"]
[WhiteFideId "16297750"]
[BlackFideId "16298403"]
[EventCountry "GER"]
[EventRounds "7"]
[EventType "team-swiss"]
[EventDate "2022.12.26"]

1. d4 {[%clk 01:30:58]} {[%emt 00:00:02]} d5 {[%clk 01:30:44]} {[%emt
00:00:17]} 2. Nc3 {[%clk 01:31:24]} {[%emt 00:00:04]} Nf6 {[%clk 01:31:05]}
{[%emt 00:00:09]} 3. Bf4 {[%clk 01:31:49]} {[%emt 00:00:05]} a6 {[%clk
01:31:27]} {[%emt 00:00:07]} 4. f3 {[%clk 01:32:09]} {[%emt 00:00:10]} e6
{[%clk 01:31:15]} {[%emt 00:00:42]} 5. e3 {[%clk 01:32:02]} {[%emt 00:00:37]}
Be7 {[%clk 01:30:45]} {[%emt 00:01:00]} 6. Qd2 {[%clk 01:31:38]} {[%emt
00:00:53]} O-O {[%clk 01:29:54]} {[%emt 00:01:21]} 7. O-O-O {[%clk 01:31:39]}
{[%emt 00:00:29]} b5 {[%clk 01:22:54]} {[%emt 00:07:31]} 8. g4 {[%clk
01:30:24]} {[%emt 00:01:45]} b4 {[%clk 01:19:14]} {[%emt 00:04:10]} 9. Na4
{[%clk 01:28:59]} {[%emt 00:01:53]} Qe8 {[%clk 01:16:48]} {[%emt 00:02:58]} 10.
Nc5 {[%clk 01:26:52]} {[%emt 00:02:37]} Bxc5 {[%clk 01:15:40]} {[%emt
00:01:38]} 11. dxc5 {[%clk 01:26:32]} {[%emt 00:00:49]} e5 {[%clk 01:13:55]}
{[%emt 00:02:16]} 12. Bg5 {[%clk 01:24:27]} {[%emt 00:02:35]} Nbd7 {[%clk
01:12:42]} {[%emt 00:01:43]} 13. Qxb4 {[%clk 01:19:20]} {[%emt 00:05:37]} c6
{[%clk 01:10:49]} {[%emt 00:02:24]} 14. Ne2 {[%clk 01:16:51]} {[%emt 00:02:59]}
a5 {[%clk 01:10:03]} {[%emt 00:01:17]} 15. Qa3 {[%clk 01:13:48]} {[%emt
00:03:32]} Qe6 {[%clk 01:05:57]} {[%emt 00:04:35]} 16. Bxf6 {[%clk 01:09:01]}
{[%emt 00:05:18]} Nxf6 {[%clk 01:03:45]} {[%emt 00:02:41]} 17. g5 {[%clk
01:06:19]} {[%emt 00:03:12]} Nd7 {[%clk 01:03:56]} {[%emt 00:00:17]} 18. Nc3
{[%clk 00:57:23]} {[%emt 00:09:27]} Bb7 {[%clk 01:03:44]} {[%emt 00:00:42]} 19.
Na4 {[%clk 00:55:13]} {[%emt 00:02:40]} Qf5 {[%clk 01:00:38]} {[%emt 00:03:36]}
20. h4 {[%clk 00:49:13]} {[%emt 00:06:31]} Qxf3 {[%clk 00:56:51]} {[%emt
00:04:17]} 21. Bh3 {[%clk 00:45:04]} {[%emt 00:19:47]} Rad8 {[%clk 00:55:16]}
22. Bxd7 Rxd7 {[%clk 00:55:07]} 23. Nb6 {[%clk 00:39:26]} Re7 {[%clk 00:53:04]}
24. Rde1 {[%clk 00:30:34]} {[%emt 00:06:05]} Rfe8 {[%clk 00:44:43]} {[%emt
00:08:51]} 25. Qxa5 {[%clk 00:27:28]} {[%emt 00:03:35]} d4 {[%clk 00:42:12]}
{[%emt 00:03:02]} 26. exd4 {[%clk 00:22:57]} {[%emt 00:05:01]} exd4 {[%clk
00:42:06]} {[%emt 00:00:37]} 27. Qd2 {[%clk 00:21:14]} {[%emt 00:02:11]} Re2
{[%clk 00:40:51]} {[%emt 00:01:46]} 28. Rxe2 {[%clk 00:19:31]} {[%emt
00:02:13]} Rxe2 {[%clk 00:40:26]} {[%emt 00:00:55]} 29. Re1 {[%clk 00:18:49]}
{[%emt 00:01:11]} Ba6 {[%clk 00:38:27]} {[%emt 00:02:29]} 30. c4 {[%clk
00:17:53]} {[%emt 00:01:26]} d3 {[%clk 00:38:21]} {[%emt 00:00:36]} 31. Rxe2
{[%clk 00:17:20]} {[%emt 00:01:03]} Qxe2 {[%clk 00:37:27]} {[%emt 00:01:24]}
32. Qxe2 {[%clk 00:17:42]} {[%emt 00:00:09]} dxe2 {[%clk 00:37:52]} {[%emt
00:00:05]} 33. Kd2 {[%clk 00:18:07]} {[%emt 00:00:05]} f5 {[%clk 00:37:34]}
{[%emt 00:00:48]} 34. Kxe2 {[%clk 00:18:23]} {[%emt 00:00:14]} Kf7 {[%clk
00:37:52]} {[%emt 00:00:12]} 35. Kf3 {[%clk 00:18:25]} {[%emt 00:00:28]} Kg6
{[%clk 00:38:02]} {[%emt 00:00:20]} 36. a4 {[%clk 00:18:14]} {[%emt 00:00:41]}
Kh5 {[%clk 00:37:33]} {[%emt 00:00:59]} 37. Kg3 {[%clk 00:17:47]} {[%emt
00:00:57]} f4 {[%clk 00:36:57]} {[%emt 00:01:05]} 38. Kxf4 {[%clk 00:17:35]}
{[%emt 00:00:42]} Kxh4 {[%clk 00:37:22]} {[%emt 00:00:06]} 39. b4 {[%clk
00:17:39]} {[%emt 00:00:26]} Kh5 {[%clk 00:36:56]} {[%emt 00:00:57]} 40. b5
{[%clk 00:17:19]} {[%emt 00:00:51]} Bb7 {[%clk 00:37:07]} {[%emt 00:00:18]} 41.
a5 {[%clk 00:16:59]} {[%emt 00:00:50]} cxb5 {[%clk 00:37:09]} {[%emt 00:00:29]}
42. cxb5 {[%clk 00:17:21]} {[%emt 00:00:07]} Bg2 {[%clk 00:37:23]} {[%emt
00:00:15]} 43. c6 {[%clk 00:17:34]} {[%emt 00:00:17]} Bf1 {[%clk 00:37:21]}
{[%emt 00:00:32]} 44. c7 {[%clk 00:17:15]} {[%emt 00:00:49]} Bxb5 {[%clk
00:37:44]} {[%emt 00:00:05]} 45. c8=Q {[%clk 00:17:19]} {[%emt 00:00:28]} Bd3
{[%clk 00:35:34]} {[%emt 00:02:13]} 46. Qh3 {[%clk 00:17:24]} {[%emt 00:00:53]}
Kg6 {[%clk 00:35:51]} {[%emt 00:00:11]} 47. Qxd3 {[%clk 00:17:48]} {[%emt
00:00:08]} Kf7 {[%clk 00:35:55]} {[%emt 00:00:26]} 48. a6 {[%clk 00:18:00]}
{[%emt 00:00:18]} h6 {[%clk 00:35:50]} {[%emt 00:00:35]} 49. Qf5 {[%clk
00:17:52]} {[%emt 00:00:38]} Ke7 {[%clk 00:35:59]} {[%emt 00:00:20]} 50. gxh6
{[%clk 00:18:00]} {[%emt 00:00:23]} gxh6 {[%clk 00:36:23]} {[%emt 00:00:06]}
51. a7 {[%clk 00:18:19]} {[%emt 00:00:11]} h5 {[%clk 00:36:46]} {[%emt
00:00:07]} 52. Ke5 {[%clk 00:18:19]} {[%emt 00:00:29]} h4 {[%clk 00:36:49]}
{[%emt 00:00:28]} 53. Qf6 {[%clk 00:18:21]} {[%emt 00:00:28]} Ke8 {[%clk
00:36:58]} {[%emt 00:00:20]} 54. a8=Q# {[%clk 00:18:24]} {[%emt 00:00:24]} 1-0

[Event "DVM U20w 2022"]
[Site "Münster GER"]
[Date "2022.12.30"]
[Round "7"]
[White "Klahold, Rona"]
[Black "Falke, Ornella"]
[Result "0-1"]
[Termination "normal"]
[Board "6.1"]
[BlackTitle "WCM"]
[WhiteElo "1553"]
[BlackElo "2016"]
[WhiteTeam "Schachclub Porta Westfalica 1950"]
[BlackTeam "Elmshorner SC von 1896"]
[PlyCount "90"]
[WhiteFideId "16222970"]
[BlackFideId "16207092"]
[EventCountry "GER"]
[EventRounds "7"]
[EventType "team-swiss"]
[EventDate "2022.12.26"]

1. e4 e6 2. d4 d5 3. Bd3 dxe4 4. Bxe4 Nf6 5. Bf3 c5 6. Ne2 Nc6 7. Bxc6 bxc6 8.
O-O cxd4 9. Qxd4 Ba6 10. Qxd8 Rxd8 11. Nbc3 Bc5 12. Bf4 O-O 13. Rfd1 Nd5 14.
Bd2 Rd7 15. Kf1 Rfd8 16. Ke1 Nxc3 17. Bxc3 Rxd1 18. Rxd1 Bxf2 19. Kxf2 Rxd1 20.
Nd4 c5 21. Nc6 Rc1 22. Nxa7 Rxc2 23. Kg1 Bb7 24. g3 Rg2 25. Kf1 Rxh2 26. Nb5 f6
27. Nd6 Bd5 28. a4 Rg2 29. a5 Rxg3 30. Kf2 Rg4 31. Nb5 Ra4 32. Nc7 h5 33. Na6
c4 34. Nc7 Kf7 35. Nb5 g5 36. Nd4 h4 37. Ne2 e5 38. Ng1 g4 39. Ne2 Ke6 40. Ng1
f5 41. Ne2 f4 42. Be1 Kf5 43. Kf1 h3 44. Kg1 Ra1 45. Kf2 h2 0-1

[Event "DVM U20w 2022"]
[Site "Münster GER"]
[Date "2022.12.30"]
[Round "7"]
[White "Evering, Enna"]
[Black "Duchstein, Anna"]
[Result "1-0"]
[Termination "normal"]
[Board "6.2"]
[WhiteElo "1511"]
[BlackElo "1636"]
[WhiteTeam "Elmshorner SC von 1896"]
[BlackTeam "Schachclub Porta Westfalica 1950"]
[PlyCount "67"]
[WhiteFideId "16218213"]
[BlackFideId "16261372"]
[EventCountry "GER"]
[EventRounds "7"]
[EventType "team-swiss"]
[EventDate "2022.12.26"]

1. e4 d6 2. d4 Nf6 3. Nc3 Nbd7 4. g3 e5 5. Bg2 c6 6. Nge2 Qc7 7. O-O Be7 8. h3
Nf8 9. Be3 Ng6 10. f4 exf4 11. Nxf4 Bd7 12. a4 a5 13. Kh2 Qb6 14. Qd2 Nxf4 15.
Rxf4 Qc7 16. Raf1 h6 17. R4f2 O-O-O 18. Rb1 Qb6 19. e5 Ng8 20. Rxf7 dxe5 21.
dxe5 Qc7 22. Qf2 g5 23. Bb6 Qb8 24. Bxd8 Bxd8 25. Rd1 Ne7 26. Qc5 Re8 27. Qd6
Qxd6 28. Rxd6 Bc7 29. Rxh6 Nf5 30. Rhh7 Bxe5 31. Rxd7 Bxg3 32. Kg1 Re1 33. Bf1
Ne3 34. Rdf7 1-0